| 000 | 01027nam a2200325 i 4500 | ||
|---|---|---|---|
| 003 | EG-GICUC | ||
| 005 | 20260422212050.0 | ||
| 008 | 260422s1945 enk ||f |||| 001 0 eng d | ||
| 040 |
_aEG-GiCUC _cEG-GiCUC _dEG-GiCUC _eRda _beng |
||
| 041 | 0 | _aeng | |
| 082 | 0 | 4 |
_221 _a343.623 _bMC . I |
| 092 | 0 | 4 | _221 |
| 099 | _aLaw1 10 343.623 MC . I 26 ed - 1945 1011230 C1 | ||
| 100 | 1 |
_aMcdougall, William _eAuthor. |
|
| 245 | 1 | 3 |
_aAn Introduction Το Social Psychology / _cby William Mcdougall. |
| 250 | _aTwenty-sixth Edition | ||
| 264 | 1 |
_aLondon : _bMethuen & Co. LTD , _c1945. |
|
| 300 |
_a524 page ; _c24 cm. |
||
| 336 |
_2rda contenu _a texte |
||
| 337 |
_2rda medias _aOrdinateur |
||
| 338 |
_2 transporteur rda _a Ressource en ligne |
||
| 500 | _aIndex Pages : 523-524. | ||
| 546 | _aText in English | ||
| 650 | 1 | 4 |
_aCriminology _xPsychological |
| 650 | 1 | 4 | _aPsychological approach |
| 651 | 1 | _2qrmak | |
| 856 | 4 | 0 | _uhttps://fll.law.cu.edu.eg/fulltext/bks/B10-11230.pdf |
| 905 | _a164 | ||
| 942 |
_2ddc _cBK _e21 _n0 |
||
| 999 |
_c72906 _d72906 |
||